000 00662nam a2200241Ia 4500
003 OSt
005 20221007074219.0
006 a|||||r|||| 00| 0
007 ta
008 221006b |||||||| |||| 00| 0 eng d
024 _a27,266
037 _cTextual
040 _aFLL
_cFLL
_beng
041 _2eng
_aeng
082 _aV73:2:92y7, L5
100 _aGunther Gerald
_9692705
245 0 _aCases and materials on constitutional law
250 _a9th
260 _aMineola
_bThe Foundation Press, Inc. New York
_c1975
300 _aciii,1-1653p
_ccm.
942 _hV73:2:92y7, L5
_cTEXL
_2CC
999 _c1151552
_d1151552